| 000 | 00438pab a2200169 454500 | ||
|---|---|---|---|
| 008 | 180718b2010 xxu||||| |||| 00| 0 eng d | ||
| 100 | _aChandrashekar, T.C. | ||
| 245 | _aWater crisis in India - Issues and implication-over-view | ||
| 260 | _c2010 | ||
| 300 | _ap.609-619. | ||
| 362 | _aJan | ||
| 650 | _aDrinking water | ||
| 700 | _aReddy, B. Ravindra | ||
| 773 | _aAgricultural Situation in India | ||
| 908 | _aN | ||
| 909 | _a91274 | ||
| 999 |
_c91274 _d91274 |
||